00761nam a22002537a 450000100060000000300090000600500170001500700060003200800390003801600100007702000150008704000220010204100080012408000130013210000170014524000530016224501110021526000540032630000290038049000230040970000240043270000280045683000230048412084DO-SdBNP20180221154212.012084021007s2000 sp | ||| ||spa 7 2BPSMU a9588061563 aBPMSUbspacBPMSU1 aspa 0a087.5:821 aCameron, Ann14aThe most beautiful place in the worldlEspañol13aEl lugar más bonito del mundocAnn Cameron ; ilustraciones, Thomas B. Allen ; traducción, P. Rozarena] aSantafé de Bogotá, Colombia bAlfaguarac2000 a69 p. ;bil. : c20 cm. 0 aAfaguara infantil  aRozarena, P. etr.  aAllen, Thomas B. eil.  pAfaguara infantil